000 00754nam a2200265Ia 4500
005 20260302113952.0
008 008 260114s9999 xx 000 0 eng d
020 _a9781978723542
037 _aTextbook
040 _aCRL
040 _beng
040 _cCRL
041 _2eng
041 _aeng
084 _qCRL
100 _aCristina Becker Lopes Perna & Michele Saraiva Carilo
_91117363
245 0 _aPortuguese as an Additional Language (PAL) Research-Informed Pedagogical Approaches
260 _bBloomsbury
260 _bLexington Books
260 _c2023
650 _aLinguistics
856 _uhttps://doi.org/10.5040/9781978723542?locatt=label:secondary_bloomsburyCollections
942 _cEBOOK
999 _c1680878
_d1680878